Statistics for Formula E 2018/19 Drivers

Click here to take the quiz!

General Stats

  • This quiz has been taken 116 times
  • The average score is 13 of 22

Answer Stats

TeamCarDriverNation% Correct
DS Techeetah25Jean-Éric VergneFrance
85%
Nissan e.dams23Sébastien BuemiSwitzerland
79%
HWA Racelab5Stoffel VandoorneBelgium
79%
Audi Sport ABT Schaeffler11Lucas di GrassiBrazil
75%
Venturi19Felipe MassaBrazil
73%
Mahindra94Pascal WehrleinGermany
69%
Audi Sport ABT Schaeffler66Daniel AbtGermany
68%
DS Techeetah36André LottererGermany
67%
BMW i Andretti Motorsport28António Félix da CostaPortugal
67%
Envision Virgin 2Sam BirdUnited Kingdom
65%
Panasonic Jaguar3Nelson Piquet Jr.Brazil
61%
Mahindra64Jérôme d'AmbrosioBelgium
60%
Panasonic Jaguar20Mitch EvansNew Zealand
59%
Venturi48Edoardo MortaraSwitzerland
51%
Envision Virgin 4Robin FrijnsNetherlands
48%
BMW i Andretti Motorsport27Alexander SimsUnited Kingdom
47%
Nisssn e.dams22Oliver RowlandUnited Kingdom
45%
Geox Dragon7José María LópezArgentina
43%
NIO16Oliver TurveyUnited Kingdom
43%
Geox Dragon6Maximilian GüntherGermany
36%
HWA Racelab17Gary PaffettUnited Kingdom
35%
NIO8Tom DillmannFrance
28%

Score Distribution

Percentile by Number Answered

Percent of People with Each Score

Your Score History

You have not taken this quiz